| 000 | 00544nam a2200157 4500 | ||
|---|---|---|---|
| 001 | 4756 | ||
| 005 | 20181127174029.0 | ||
| 090 | 0 | 0 | _a333.72 G9818b 2015 |
| 245 | 0 | 0 |
_aBridge course in biology : _bBsc. environment management / _cCompiled by Anupa Thapa Gurung & Nima Wangmo. _h |
| 260 | 0 | 0 |
_aThimphu : _bRoyal Thimphu College, _c2015. |
| 300 | 0 | 0 | _a197 p. ; 30 cm. |
| 500 | _a""For BSc Environment Management program use only"" | ||
| 500 | _a""Royal Thimphu College"" | ||
| 500 | 0 | 0 | _aXerographic copy in a binder. |
| 650 | 0 | 0 |
_aEnvironment Science. _x |
| 999 |
_c3945 _d3945 |
||